000 00939nam0a22002411 4500
001 rc\248245
005 20260407122423.0
035 _a(NLR Aleph) 005504608
090 _a5342027
_c5342027
100 _a20030307d1990 |||y0rusy50 ca
101 0 _arus
102 _aRU
105 _ay |||||||||
200 1 _aМетодика и практика судебной медицины
_eСб. науч. тр.
_fУкр. ин-т усовершенствования врачей
_gПод общ. ред. В.И. Кононенко
210 _aХарьков
_cБ. и.
_d1990
215 _a162 с.
_d20
702 1 _aКононенко
_bВ.И.
_gВиктор Иванович
_4340
712 0 2 _aУкраинский институт усовершенствования врачей
_cХарьков
_3RU\NLR\AUTH\889958624
_9413427
801 0 _aRU
_bNLR
_gpsbo
801 1 _aRU
_bELAR
_2rusmarc
852 _aNLR
_j91-3/1968
942 _cBOOK
980 _aNB